000 00283nam a2200121 4500
003 OSt
005 20230717142145.0
008 230707b |||||||| |||| 00| 0 eng d
028 _bApex
040 _cApex
245 _aInternational Journal of fuzzy and design
942 _2ddc
_n0
_cBK
_s1
999 _c35875
_d35875